Pokémon - Dresseurs partenaires - Armand (D/P/Pt) - Statistiques

Statistiques générales
  • Ce quiz a été pris 22 fois
  • Le résultat moyen est 45 sur 55
Statistiques - réponses
Hint Réponse % Correct
Type Acier
100%
Type Acier
100%
Type Acier
100%
Type Combat
100%
Type Combat
100%
Capacités Dracogriffe
100%
Type Dragon
100%
Drattak
100%
Lucario
100%
Lucario
100%
Métalosse
100%
Type Normal
100%
Type Psy
100%
Type Vol
100%
Capacités Close Combat
93%
Capacités Mâchouille
93%
Capacités Poing Météor
93%
Type Ténèbres
93%
Absol
86%
Capacités Charge-Os
86%
Capacités Charge-Os
86%
Capacités Coupe Psycho
86%
Capacités Crocs Éclair
86%
Capacités Crocs Feu
86%
Capacités Pisto-Poing
86%
Capacités Tranche
86%
Capacités Tranche-Nuit
86%
Niv (D/P) 34
79%
Niv (Pt) 41
79%
Niv 61
79%
Niv 61
79%
Niv 62
79%
Niv 63
79%
Niv 65
79%
Capacités Griffe Acier
79%
Talent Intimidation
79%
Capacités Aéropique
71%
Capacités Avalanche
71%
Capacités Danse Lames
71%
Capacités Forte Paume
71%
Capacités Marto-Poing
71%
Capacités Psykoud'Boul
71%
Capacités Vive-Attaque
71%
Capacités Vive-Attaque
71%
Statistique préférée Attaque
64%
Talent Corps Sain
64%
Capacités Griffe Ombre
64%
Talent Pression
64%
Ursaring
64%
Rencontre Île de Fer
57%
Talent Impassible
57%
Talent Impassible
57%
Capacités Vit. Extrême
57%
Talent Cran
50%
Capacités Pied Brûleur
50%
Aucun quiz correspondant
Distribution des résultats
% des personnes avec chaque résultat
Percentile par nombre de réponses
Votre historique - résultats
Vous n’avez pas pris ce quiz